000 00587nam a2200181 i 4500
001 81250
003 ES-MaACL
005 20230906174412.0
007 t|
008 041103s1973 sp ||||1| spa d
100 1 _aHudson, Michael.
_964520
245 1 0 _aSuper imperialismo
_b: la estrategia económica del imperio norteamericano /
_cMichael Hudson ; [traductor, José Manuel Alvarez].
250 _a[1ª ed.].
260 _a[Barcelona] :
_bDopesa,
_c[1973]
300 _a285 p. ;
_c22 cm.
700 1 _aÁlvarez Flórez, José Manuel.
_920809
852 _aES-MaACL
_jC-53980
_bR.86954
999 _c81250
_d81250